[Event "4NCL 2023-24"]
[Site "England ENG"]
[Date "2024.03.17"]
[Round "8.6"]
[Board "4"]
[White "Willow, Jonah B"]
[Black "Horton, Jamie A"]
[Result "1-0"]
[WhiteTitle "IM"]
[WhiteElo "2446"]
[BlackElo "2190"]
[WhiteTeam "Wood Green Youth"]
[BlackTeam "Celtic Tigers 1"]
[WhiteFideId "438804"]
[BlackFideId "421472"]
[EventDate "2023.11.11"]

1. e4 c6 2. d4 d5 3. e5 Bf5 4. Nf3 e6 5. Be2 c5 6. Be3 cxd4 7. Nxd4 Ne7 8. O-O
Nbc6 9. Bb5 Qd7 10. Na3 a6 11. Ba4 Nc8 12. c4 Bxa3 13. Nxf5 Bf8 14. cxd5 exd5
15. Qf3 g6 16. Nd4 Bg7 17. Nxc6 bxc6 18. Bc5 Ne7 19. Bxe7 Kxe7 20. Qa3+ Ke8 21.
Rac1 Rc8 22. Qc5 Qe7 23. Qxd5 Kf8 24. Rfe1 Kg8 25. Rxc6 Rxc6 26. Qxc6 Bxe5 27.
Kf1 Kg7 28. Qe4 f6 29. f4 Rb8 30. fxe5 Rb4 31. Qc6 Rf4+ 32. Kg1 Qa7+ 33. Kh1 Qf2
34. exf6+ Kh6 35. Qc1 g5 36. f7 Rxa4 37. f8=Q+ Qxf8 38. Qc6+ 1-0

[Event "4NCL 2023-24"]
[Site "England ENG"]
[Date "2024.03.17"]
[Round "8.6"]
[Board "5"]
[White "Kelmendi, Bajrush"]
[Black "Czopor, Maciej"]
[Result "0-1"]
[BlackTitle "FM"]
[WhiteElo "1986"]
[BlackElo "2359"]
[WhiteTeam "Celtic Tigers 1"]
[BlackTeam "Wood Green Youth"]
[WhiteFideId "426024"]
[BlackFideId "21805431"]
[EventDate "2023.11.11"]

1. e4 c5 2. c4 Nc6 3. Nc3 e6 4. d3 Nge7 5. Be2 d5 6. g4 d4 7. Nb1 Ng6 8. f4 Qh4+
9. Kf1 Nxf4 10. Bxf4 Qf6 11. Qd2 Bd6 12. Nf3 Qxf4 13. Qxf4 Bxf4 14. a3 e5 15. h4
Bxg4 16. Nxd4 Nxd4 17. Bxg4 Nc2 18. Bd1 Nxa1 19. Ke2 O-O-O 20. Nc3 Bc1 21. Na4
Rd6 22. Kf2 Kb8 23. Ke2 Rhd8 24. Rh3 Rg6 25. Rf3 Rg2+ 26. Kf1 Rd2 27. Be2 Bxb2
28. Rxf7 Bd4 29. Ke1 Ra2 30. Bd1 Nc2+ 31. Bxc2 Rxc2 32. Rxg7 Ra2 33. Rg5 Rxa3
34. Nxc5 Bxc5 35. Rxe5 Bb4+ 0-1

[Event "4NCL 2023-24"]
[Site "England ENG"]
[Date "2024.03.17"]
[Round "8.6"]
[Board "6"]
[White "O'Donnell, Conor"]
[Black "Maciol, Ryszard"]
[Result "1/2-1/2"]
[WhiteTitle "FM"]
[WhiteElo "2284"]
[BlackElo "2125"]
[WhiteTeam "Wood Green Youth"]
[BlackTeam "Celtic Tigers 1"]
[WhiteFideId "2504243"]
[BlackFideId "1118153"]
[EventDate "2023.11.11"]

1. c4 e5 2. g3 Nc6 3. Bg2 Bc5 4. Nc3 a6 5. e3 Nge7 6. Nge2 d6 7. h3 Rb8 8. O-O
O-O 9. d4 exd4 10. Nxd4 Nxd4 11. exd4 Ba7 12. b4 Nc6 13. b5 Nxd4 14. Be3 c5 15.
a4 Be6 16. Nd5 Bxd5 17. Bxd5 Bb6 18. Ra3 a5 19. f4 Qf6 20. Kh2 Nxb5 21. Rb3 Nc3
22. Qd3 Nxd5 23. Qxd5 Rfe8 24. Re1 Qd8 25. Qf3 Bc7 26. Rxb7 Rxb7 27. Qxb7 Re7
28. Bd2 Rxe1 29. Bxe1 h5 30. Kg2 Qe8 31. Qxc7 Qxe1 32. Qc8+ Kh7 33. Qf5+ Kg8 34.
Qc8+ Kh7 35. Qf5+ Kg8 1/2-1/2

[Event "4NCL 2023-24"]
[Site "England ENG"]
[Date "2024.03.17"]
[Round "8.6"]
[Board "7"]
[White "Serbanescu, Diana-Maria"]
[Black "Stoyanov, Viktor"]
[Result "1-0"]
[WhiteTitle "CM"]
[BlackTitle "FM"]
[WhiteElo "1990"]
[BlackElo "2269"]
[WhiteTeam "Celtic Tigers 1"]
[BlackTeam "Wood Green Youth"]
[WhiteFideId "1200550"]
[BlackFideId "450308"]
[EventDate "2023.11.11"]

1. e4 e6 2. d4 d5 3. Nc3 Nf6 4. e5 Nfd7 5. f4 c5 6. Nf3 Nc6 7. Be3 a6 8. Qd2 b5
9. Be2 Be7 10. O-O b4 11. Nd1 O-O 12. Nf2 a5 13. Rad1 Qb6 14. Kh1 f5 15. exf6
Nxf6 16. c3 Bd7 17. Bd3 Rab8 18. Ne5 Be8 19. f5 exf5 20. Bxf5 Kh8 21. Nfg4 Nxe5
22. Nxe5 Bb5 23. Rf3 Ne4 24. Qc2 g6 25. Bxe4 dxe4 26. Qxe4 bxc3 27. Nf7+ Rxf7
28. Rxf7 Bf8 29. dxc5 Qa6 30. Bd4+ Kg8 31. Qd5 Bc4 32. Rg7+ 1-0

[Event "4NCL 2023-24"]
[Site "England ENG"]
[Date "2024.03.17"]
[Round "8.6"]
[Board "8"]
[White "Kalaiyalahan, Akshaya"]
[Black "Bryant, Harry"]
[Result "1-0"]
[WhiteTitle "FM"]
[WhiteElo "2137"]
[BlackElo "1909"]
[WhiteTeam "Wood Green Youth"]
[BlackTeam "Celtic Tigers 1"]
[WhiteFideId "422894"]
[BlackFideId "489158"]
[EventDate "2023.11.11"]

1. Nf3 Nf6 2. b3 c5 3. Bb2 b6 4. g3 Bb7 5. Bg2 d5 6. O-O d4 7. e3 Nc6 8. exd4
Nxd4 9. Nxd4 Bxg2 10. Kxg2 cxd4 11. Qf3 Rc8 12. c3 h5 13. h4 dxc3 14. dxc3 Qd5
15. Qxd5 Nxd5 16. c4 Nb4 17. Nc3 e6 18. Rfd1 a6 19. Ne4 Rd8 20. Rxd8+ Kxd8 21.
Rd1+ Kc8 22. Ng5 Bc5 23. a3 Nc6 24. b4 Be7 25. Nxf7 Rf8 26. Ng5 Bxg5 27. hxg5
Rf5 28. Rd6 Kc7 29. Rxe6 Rxg5 30. f4 Rg4 31. b5 axb5 32. cxb5 Na7 33. Re7+ Kb8
34. Be5+ Ka8 35. Re8+ 1-0